[Event "14. Lichtenberger Sommer"]
[Site "14. Lichtenberger Sommer"]
[Date "2015.08.19"]
[Round "5.91"]
[White "Seitz, Patrick"]
[Black "Stoffel, Patrick"]
[Result "1-0"]
[WhiteElo "1665"]
[BlackElo "1310"]
[PlyCount "63"]
[EventDate "2015.??.??"]
[WhiteTeam "SR Heuberg-Gosheim"]
[BlackTeam "vereinslos"]

1. e4 c5 2. Nf3 d6 3. d4 cxd4 4. Nxd4 Nf6 5. Nc3 g6 6. Be2 Bg7 7. Bf3 O-O 8.
O-O a6 9. Be3 Nbd7 10. h3 Ne5 11. Nb3 Bd7 12. Be2 b5 13. a4 b4 14. Nd5 Nxd5 15.
exd5 Be8 16. Nd4 Qc8 17. b3 f5 18. Ne6 Rf7 19. Nxg7 Kxg7 20. Bd4 Kg8 21. Qd2
Nd7 22. Bc4 a5 23. Rfe1 Nf8 24. Re2 Bd7 25. Rae1 Qb7 26. Rxe7 Re8 27. Rxe8 Bxe8
28. Rxe8 Qd7 29. Qe3 f4 30. Qe6 Qc7 31. Bb5 Qxc2 32. Rxf8+ 1-0

[Event "14. Lichtenberger Sommer"]
[Site "14. Lichtenberger Sommer"]
[Date "2015.08.19"]
[Round "5.92"]
[White "Jansen, Robert"]
[Black "Straßburg, Robin"]
[Result "1/2-1/2"]
[WhiteElo "1757"]
[BlackElo "1105"]
[PlyCount "78"]
[EventDate "2015.??.??"]
[WhiteTeam "SC Kreuzberg"]
[BlackTeam "SC Eintracht Berlin e.V."]

1. d4 d5 2. c4 e6 3. Nc3 f5 4. Nf3 c6 5. e3 Nf6 6. Bd3 Be7 7. O-O O-O 8. Ne5
Nbd7 9. f4 Ne4 10. Bd2 Rf6 11. cxd5 cxd5 12. Nxe4 fxe4 13. Be2 Nxe5 14. dxe5
Rg6 15. Rc1 Bd7 16. Qb3 b6 17. Bc3 Bc5 18. Be1 Rh6 19. Bf2 Be8 20. Rcd1 Bh5 21.
g4 Bxg4 22. Bxg4 Rg6 23. h3 h5 24. f5 exf5 25. Rxd5 Rxg4+ 26. hxg4 Qg5 27. Rd8+
Kh7 28. Qg8+ Kg6 29. Rxa8 Qxg4+ 30. Kh2 Bxe3 31. Bxe3 Qh4+ 32. Kg2 Qg4+ 33. Kf2
Qf3+ 34. Ke1 Qxe3+ 35. Kd1 Qd3+ 36. Kc1 Qxf1+ 37. Kc2 Qd3+ 38. Kc1 Qf1+ 39. Kc2
Qd3+ 1/2-1/2

[Event "14. Lichtenberger Sommer"]
[Site "14. Lichtenberger Sommer"]
[Date "2015.08.19"]
[Round "5.93"]
[White "Pöltelt, Helmut"]
[Black "Wolff, Marie Antoinette"]
[Result "1-0"]
[WhiteElo "1752"]
[BlackElo "1643"]
[PlyCount "97"]
[EventDate "2015.??.??"]
[WhiteTeam "SC Eintracht Berlin"]
[BlackTeam "Leegebrucher SF"]

1. e4 c5 2. Nc3 Nc6 3. g3 g6 4. Bg2 Bg7 5. Nge2 d6 6. d3 Nf6 7. O-O O-O 8. h3
Bd7 9. f4 e6 10. g4 Qc8 11. Ng3 Nd4 12. Nce2 Bc6 13. c3 Nxe2+ 14. Qxe2 Nd7 15.
f5 exf5 16. gxf5 Qc7 17. Qf2 Rac8 18. Bg5 Nf6 19. Qf4 Rfe8 20. Qh4 Nd7 21. f6
Bh8 22. Rf4 Ne5 23. Qh6 Re6 24. Raf1 Nd7 25. h4 Qd8 26. Bh3 Re5 27. h5 Qf8 28.
hxg6 Qxh6 29. gxf7+ Kxf7 30. Bxh6 Rg8 31. Bg7 Rg5 32. Kh2 Ne5 33. Nf5 Bxg7 34.
fxg7 Kg6 35. Ne7+ Kxg7 36. Nxg8 Kxg8 37. Be6+ Kg7 38. d4 cxd4 39. cxd4 Rh5+ 40.
Kg3 Ng6 41. Rf7+ Kh6 42. Bf5 Rg5+ 43. Kf2 Rh5 44. Rg1 Rh2+ 45. Rg2 Rh4 46. d5
Be8 47. Rxb7 Rh5 48. Rxa7 Rg5 49. Rxh7+ 1-0

[Event "14. Lichtenberger Sommer"]
[Site "14. Lichtenberger Sommer"]
[Date "2015.08.19"]
[Round "5.94"]
[White "Kostanyan, Hakob"]
[Black "Ouadi, Wahbi"]
[Result "1-0"]
[WhiteElo "1583"]
[BlackElo "1962"]
[PlyCount "85"]
[EventDate "2015.??.??"]
[WhiteTeam "SC Weisse Dame (Berlin)"]
[BlackTeam "La Diagonale - Eybens"]

1. e4 b6 2. d4 Bb7 3. Nc3 e6 4. Be3 Bb4 5. Nge2 Bxe4 6. a3 Bxc3+ 7. Nxc3 Bb7 8.
Qd2 Nf6 9. f3 d5 10. O-O-O Nbd7 11. g4 O-O 12. h4 c5 13. g5 Nh5 14. f4 Ng3 15.
Rg1 Nxf1 16. Rdxf1 g6 17. h5 Rc8 18. Rh1 Qe7 19. Qh2 Rfe8 20. Rf3 f6 21. Rh3
fxg5 22. hxg6 Nf6 23. fxg5 Ng4 24. Qg3 Nxe3 25. Qxe3 cxd4 26. gxh7+ Kh8 27.
Qxd4+ Qg7 28. Qxg7+ Kxg7 29. Nb5 Bc6 30. Nd4 Bd7 31. Nf3 e5 32. h8=Q+ Rxh8 33.
Rxh8 Rxh8 34. Rxh8 Kxh8 35. Nxe5 Be6 36. Kd2 Kg7 37. Ke3 Kf8 38. Kf4 a6 39. Nc6
a5 40. Ke5 Bf7 41. Kf6 Be8 42. Ne7 b5 43. g6 1-0

[Event "14. Lichtenberger Sommer"]
[Site "14. Lichtenberger Sommer"]
[Date "2015.08.19"]
[Round "5.95"]
[White "Radloff, Rainer"]
[Black "Steinert, Christian"]
[Result "0-1"]
[WhiteElo "1667"]
[BlackElo "1971"]
[PlyCount "60"]
[EventDate "2015.??.??"]
[WhiteTeam "SC Weisse Dame e.V."]
[BlackTeam "SV Empor Berlin"]

1. Nf3 d5 2. d4 c6 3. Bf4 Qb6 4. Qc1 Bf5 5. e3 Nd7 6. Be2 Ngf6 7. h3 e6 8. O-O
h6 9. b3 g5 10. Be5 g4 11. Nh4 gxh3 12. Nxf5 hxg2 13. Rd1 exf5 14. Bh2 Rg8 15.
Bd3 Ne4 16. f3 Qd8 17. fxe4 fxe4 18. Be2 Qh4 19. c4 Rg6 20. c5 h5 21. Nc3 Rf6
22. Bf4 Bh6 23. Kxg2 Bxf4 24. exf4 Rg6+ 25. Kf1 Qh3+ 26. Ke1 e3 27. Bf1 Qh2 28.
Rd3 Qf2+ 29. Kd1 Qxf1+ 30. Kc2 Rg2+ 0-1

[Event "14. Lichtenberger Sommer"]
[Site "14. Lichtenberger Sommer"]
[Date "2015.08.19"]
[Round "5.96"]
[White "Schilly, Hans-Joachim"]
[Black "Paris, Gerhard"]
[Result "1-0"]
[WhiteElo "1839"]
[BlackElo "1530"]
[PlyCount "53"]
[EventDate "2015.??.??"]
[WhiteTeam "SF Siemensstadt"]
[BlackTeam "TSG Oberschöneweide"]

1. c4 Nf6 2. Nc3 d6 3. d4 g6 4. e4 Bg7 5. f3 O-O 6. Be3 c6 7. Bd3 Nbd7 8. Nge2
e5 9. d5 cxd5 10. cxd5 b6 11. O-O Nc5 12. Bc2 a5 13. a3 Bd7 14. b4 axb4 15.
axb4 Na6 16. Qb1 Qb8 17. Bd3 Qb7 18. Qb2 Nc7 19. b5 Nfe8 20. Rxa8 Nxa8 21. Na2
f5 22. Nb4 fxe4 23. fxe4 Rxf1+ 24. Kxf1 Nf6 25. h3 Qc8 26. Nc6 Bxh3 27. Ne7+
1-0

[Event "14. Lichtenberger Sommer"]
[Site "14. Lichtenberger Sommer"]
[Date "2015.08.19"]
[Round "5.97"]
[White "Kretzschmar, Jan"]
[Black "Möller, Dirk"]
[Result "1-0"]
[WhiteElo "1830"]
[BlackElo "1571"]
[PlyCount "69"]
[EventDate "2015.??.??"]
[WhiteTeam "SC Kreuzberg"]
[BlackTeam "SC Kreuzberg"]

1. d4 d5 2. Nf3 c6 3. c4 e6 4. e3 Nf6 5. Nc3 Nbd7 6. Qc2 Bd6 7. Bd3 dxc4 8.
Bxc4 b5 9. Bd3 Qc7 10. O-O b4 11. Ne2 O-O 12. e4 e5 13. Bg5 a5 14. Rac1 Bb7 15.
Rfd1 Rac8 16. Ng3 exd4 17. Nxd4 Bxg3 18. hxg3 Qe5 19. Nf3 Qc7 20. Bf4 Qb6 21.
Nd2 Ng4 22. Nc4 Qa7 23. e5 Ba6 24. Bxh7+ Kh8 25. Bf5 Bxc4 26. Bxg4 Be6 27. Bf3
c5 28. Rd6 Rg8 29. Re1 c4 30. Be3 Qc7 31. Qe4 Qd8 32. Red1 g5 33. Bg4 Bxg4 34.
Qxg4 Nxe5 35. Qh5+ 1-0

[Event "14. Lichtenberger Sommer"]
[Site "14. Lichtenberger Sommer"]
[Date "2015.08.19"]
[Round "5.98"]
[White "Mildenberger, Hans"]
[Black "Bernstein, Jeremy"]
[Result "0-1"]
[WhiteElo "1631"]
[BlackElo "1552"]
[PlyCount "64"]
[EventDate "2015.??.??"]
[WhiteTeam "SG BVG Helmholz 55 (FV Schach)"]
[BlackTeam "SC Kreuzberg"]

1. d4 Nf6 2. c4 e6 3. Nf3 Bb4+ 4. Bd2 Qe7 5. a3 Bxd2+ 6. Nbxd2 d5 7. e3 O-O 8.
Bd3 Nbd7 9. O-O e5 10. dxe5 Nxe5 11. Nxe5 Qxe5 12. Qc2 g6 13. cxd5 Nxd5 14. Nc4
Qe7 15. Rae1 Be6 16. Kh1 a5 17. f4 Qc5 18. e4 Nb6 19. b3 Nxc4 20. bxc4 Qxa3 21.
f5 Bd7 22. f6 Rfe8 23. Qd2 Re5 24. Qh6 Qf8 25. Qf4 Rae8 26. h4 R8e6 27. g4 Qd6
28. Be2 Rxe4 29. Qxd6 Rxd6 30. c5 Rde6 31. Rd1 Bc6 32. Rd8+ Re8 0-1

[Event "14. Lichtenberger Sommer"]
[Site "14. Lichtenberger Sommer"]
[Date "2015.08.19"]
[Round "5.99"]
[White "Koerber, Bernhard"]
[Black "Völler, Lothar"]
[Result "1-0"]
[WhiteElo "1603"]
[BlackElo "1789"]
[PlyCount "79"]
[EventDate "2015.??.??"]
[WhiteTeam "Lasker Steglitz-Wilmersdorf"]
[BlackTeam "FS Dortmund"]

1. e4 b6 2. d4 e6 3. Nc3 Bb7 4. Bd3 Bb4 5. Bd2 Nf6 6. f3 c5 7. Nb5 d6 8. c3 c4
9. Bxc4 d5 10. Qa4 O-O 11. Qxb4 dxc4 12. Qxc4 Nc6 13. Qe2 Ba6 14. a4 Na5 15. b4
Nb7 16. Qf2 Nd7 17. Nh3 Bxb5 18. axb5 Nd6 19. Qe2 Qh4+ 20. Nf2 Qh5 21. e5 Ne8
22. O-O Qg6 23. Ra2 f6 24. f4 fxe5 25. fxe5 Nc7 26. c4 Rf5 27. Nh3 Nf8 28. Rxf5
Qxf5 29. Ra1 Ng6 30. Rf1 Qc2 31. Rc1 Qa2 32. Qd3 Rd8 33. Qc3 Nxe5 34. Ra1 Qxc4
35. Qxc4 Nxc4 36. Rc1 Nxd2 37. Rxc7 Rxd4 38. Ng5 g6 39. Rc8+ Kg7 40. Nxe6+ 1-0

[Event "14. Lichtenberger Sommer"]
[Site "14. Lichtenberger Sommer"]
[Date "2015.08.19"]
[Round "5.100"]
[White "Hömke, Holger"]
[Black "Bollenbach, Horst"]
[Result "1/2-1/2"]
[WhiteElo "1568"]
[BlackElo "1736"]
[PlyCount "99"]
[EventDate "2015.??.??"]
[WhiteTeam "SK Zehlendorf"]
[BlackTeam "SC Friesen Lichtenberg"]

1. c4 e5 2. Nc3 Nc6 3. g3 g6 4. Bg2 Bg7 5. Nf3 f5 6. d3 Nf6 7. Bg5 O-O 8. O-O
d6 9. a3 h6 10. Bxf6 Bxf6 11. Rb1 Kh7 12. e3 Be6 13. Qd2 Ne7 14. Ne1 c6 15. b4
d5 16. cxd5 Nxd5 17. e4 Nxc3 18. Qxc3 f4 19. Nf3 Qc7 20. a4 Bg7 21. b5 fxg3 22.
fxg3 c5 23. a5 b6 24. a6 Rac8 25. Nd2 Rxf1+ 26. Bxf1 Qd7 27. Nc4 Bxc4 28. Qxc4
Qd4+ 29. Qxd4 cxd4 30. Kg2 Rc2+ 31. Kf3 Bf8 32. h3 Be7 33. h4 Kg7 34. Kg4 Kf6
35. Kf3 h5 36. Be2 Ba3 37. Bd1 Rc3 38. Ke2 g5 39. Kd2 Kg6 40. hxg5 Kxg5 41. Be2
Rc5 42. Bf3 h4 43. gxh4+ Kxh4 44. Be2 Kg3 45. Bd1 Rc7 46. Bb3 Rh7 47. Rf1 Rh2+
48. Kd1 Bb4 49. Bc4 Bc3 50. Rf7 1/2-1/2

[Event "14. Lichtenberger Sommer"]
[Site "14. Lichtenberger Sommer"]
[Date "2015.08.19"]
[Round "5.101"]
[White "Allaart, Jesse"]
[Black "Reck, Jessica"]
[Result "1-0"]
[WhiteElo "1546"]
[BlackElo "1655"]
[PlyCount "149"]
[EventDate "2015.??.??"]
[WhiteTeam "HMC Den Bosch"]
[BlackTeam "VfB Hermsdorf"]

1. e4 c6 2. d4 g6 3. Nf3 d5 4. Nc3 Bg7 5. e5 Bg4 6. Ne2 Nh6 7. Ng3 O-O 8. h3
Bxf3 9. gxf3 c5 10. c3 Nc6 11. Be3 cxd4 12. cxd4 f6 13. Qd2 Nf7 14. f4 fxe5 15.
fxe5 e6 16. Be2 Rc8 17. h4 Qa5 18. Qxa5 Nxa5 19. Bg4 Rfe8 20. Bd1 Nc4 21. Ba4
Nxe3 22. fxe3 Re7 23. Kd2 Rec7 24. Ne2 a6 25. Nf4 Nd8 26. Nd3 Kf7 27. h5 g5 28.
h6 Bf8 29. Rag1 b5 30. Bb3 Ke8 31. Rxg5 Nf7 32. Rgh5 a5 33. Rf1 Bxh6 34. Rxf7
Bxe3+ 35. Kxe3 Rxf7 36. Nc5 Ke7 37. Bc2 Rg7 38. Rh6 Rc6 39. Rxh7 Rxh7 40. Bxh7
Rc8 41. Bd3 b4 42. Kd2 Rh8 43. Kc2 Rh4 44. Nb3 a4 45. Na5 Rh2+ 46. Kc1 Rh1+ 47.
Kd2 Rh2+ 48. Be2 Kd7 49. Nb7 a3 50. Nc5+ Ke7 51. b3 Rh3 52. Nd3 Rh4 53. Nxb4
Rxd4+ 54. Kc3 Re4 55. Bd3 Rh4 56. Bb5 Kf7 57. Nd3 Rh2 58. Nb4 Kg6 59. Bd3+ Kg5
60. Nc2 Kf4 61. Kd4 Rh5 62. Ne3 Kf3 63. Nc2 Rh2 64. b4 Rh4+ 65. Kc5 Kf4 66. Kd4
Kf3+ 67. Kc3 Kf4 68. Nd4 Ke3 69. Nxe6 Rh5 70. Nd4 Rxe5 71. Nc2+ Kf4 72. Nxa3
Re7 73. Nb5 Rb7 74. Kd4 Rd7 75. a4 1-0

[Event "14. Lichtenberger Sommer"]
[Site "14. Lichtenberger Sommer"]
[Date "2015.08.19"]
[Round "5.102"]
[White "Schröder, Ralf"]
[Black "Bartoszewski-Reiski, Olaf"]
[Result "1-0"]
[WhiteElo "1672"]
[BlackElo "1383"]
[PlyCount "58"]
[EventDate "2015.??.??"]
[WhiteTeam "Potsdamer SV Mitte e.V."]
[BlackTeam "BKS Chemik Bydgoszcz"]

1. Nf3 Nf6 2. b4 d5 3. Bb2 Bf5 4. e3 e6 5. b5 a6 6. a4 axb5 7. axb5 Rxa1 8.
Bxa1 Bd6 9. c4 dxc4 10. Bxc4 Nbd7 11. O-O Nb6 12. Be2 O-O 13. d3 Bg6 14. e4 Be7
15. Qc2 Qb8 16. Rc1 Rc8 17. Bb2 Nbd7 18. Ne5 Nxe5 19. Bxe5 Ne8 20. b6 Bd8 21.
Na3 f6 22. Bxc7 Bxc7 23. Kh1 Bd6 24. Qxc8 Qxc8 25. Rxc8 Bxa3 26. Rb8 Bd6 27.
Rxb7 e5 28. Rd7 Bf7 29. b7 Bb8 1-0

[Event "14. Lichtenberger Sommer"]
[Site "14. Lichtenberger Sommer"]
[Date "2015.08.19"]
[Round "5.103"]
[White "Schmole-Rostosky, Joachim"]
[Black "Prix, Siegfried"]
[Result "0-1"]
[WhiteElo "1598"]
[BlackElo "1715"]
[PlyCount "32"]
[EventDate "2015.??.??"]
[WhiteTeam "SF SW Merzhausen"]
[BlackTeam "SF 1903 Berlin"]

1. e4 e5 2. Nf3 Nc6 3. d4 exd4 4. Nxd4 Bc5 5. Be3 Qf6 6. c3 Nge7 7. g3 d5 8.
Bg2 dxe4 9. Bxe4 Bh3 10. Na3 O-O 11. Nxc6 Bxe3 12. Nxe7+ Qxe7 13. Qf3 Bh6 14.
Qe2 Rfe8 15. Bf3 Qxe2+ 16. Bxe2 Bg4 0-1

[Event "14. Lichtenberger Sommer"]
[Site "14. Lichtenberger Sommer"]
[Date "2015.08.19"]
[Round "5.104"]
[White "Ho, Ngoc Hai-Dang"]
[Black "Ollek, Karl-Heinz"]
[Result "0-1"]
[WhiteElo "1264"]
[BlackElo "1726"]
[PlyCount "76"]
[EventDate "2015.??.??"]
[WhiteTeam "Schachunion Berlin"]
[BlackTeam "SC Friesen Lichtenberg"]

1. e4 c5 2. Nf3 Nf6 3. Nc3 d6 4. Bc4 e6 5. d4 cxd4 6. Nxd4 Nc6 7. Nxc6 bxc6 8.
Bg5 Be7 9. Bxf6 Bxf6 10. O-O O-O 11. f4 Qb6+ 12. Kh1 Rd8 13. Bb3 Bb7 14. Qf3
Bxc3 15. bxc3 d5 16. exd5 cxd5 17. Qf2 Qc7 18. Qd4 Rac8 19. Rf3 Qc5 20. Qxc5
Rxc5 21. Rd1 Ba6 22. Re1 Kf8 23. f5 exf5 24. Rxf5 g6 25. Rf3 Rdc8 26. Ree3 R8c7
27. h3 h5 28. Kg1 Kg7 29. Kf2 Bc8 30. Ke1 Be6 31. Kd2 Bf5 32. Kc1 Be4 33. Rf2
Rxc3 34. Rxc3 Rxc3 35. Kb2 Rg3 36. c4 dxc4 37. Bxc4 Rxg2 38. Rxg2 Bxg2 0-1

[Event "14. Lichtenberger Sommer"]
[Site "14. Lichtenberger Sommer"]
[Date "2015.08.19"]
[Round "5.105"]
[White "Schmidt, Fabian"]
[Black "Gnaß, Erhard"]
[Result "1-0"]
[WhiteElo "1766"]
[BlackElo "1510"]
[PlyCount "53"]
[EventDate "2015.??.??"]
[WhiteTeam "Königsjäger Süd-West"]
[BlackTeam "SK Zehlendorf"]

1. e4 e5 2. Nf3 d6 3. d4 exd4 4. Nxd4 Be7 5. Nc3 Nf6 6. Be2 O-O 7. O-O Nbd7 8.
f3 c6 9. Nf5 Nb6 10. Nxe7+ Qxe7 11. Bg5 h6 12. Bh4 g5 13. Bg3 Ne8 14. f4 f6 15.
a4 d5 16. exd5 Nxd5 17. Nxd5 cxd5 18. Bf3 Qe3+ 19. Bf2 Qxf4 20. Bc5 Qc7 21.
Bxd5+ Kg7 22. Bxf8+ Kxf8 23. Kh1 Bd7 24. Qh5 Ke7 25. Qf7+ Kd8 26. Rad1 Qb6 27.
Be6 1-0

[Event "14. Lichtenberger Sommer"]
[Site "14. Lichtenberger Sommer"]
[Date "2015.08.19"]
[Round "5.106"]
[White "Lippianowski, Stefan"]
[Black "Lange, Johannes Friedrich"]
[Result "1-0"]
[WhiteElo "1152"]
[BlackElo "1506"]
[PlyCount "53"]
[EventDate "2015.??.??"]
[WhiteTeam "SV Mattnetz Berlin"]
[BlackTeam "Schachunion Berlin"]

1. e4 e5 2. Nf3 Nc6 3. Nc3 Nf6 4. d3 Bb4 5. Bd2 O-O 6. a3 Ba5 7. Nh4 d6 8. Nf5
Ne7 9. g4 c6 10. h4 Nxf5 11. exf5 d5 12. Bh3 e4 13. g5 Bxc3 14. Bxc3 Nd7 15.
Kd2 exd3 16. f6 g6 17. h5 dxc2 18. Kxc2 Re8 19. hxg6 hxg6 20. Rh2 Re4 21. Bg2
Rf4 22. Qh1 Rxf2+ 23. Kb3 Qb6+ 24. Ka2 Rxb2+ 25. Bxb2 Nxf6 26. Rh8+ Kg7 27.
Bxf6# 1-0

[Event "14. Lichtenberger Sommer"]
[Site "14. Lichtenberger Sommer"]
[Date "2015.08.19"]
[Round "5.107"]
[White "Fischer, Maxi"]
[Black "Fock, Amina"]
[Result "1-0"]
[WhiteElo "1665"]
[BlackElo "1621"]
[PlyCount "87"]
[EventDate "2015.??.??"]
[WhiteTeam "SV Empor Berlin e.V."]
[BlackTeam "SK International Berlin"]

1. e4 d5 2. exd5 Qxd5 3. Nc3 Qd6 4. d4 Nf6 5. Nf3 Bg4 6. Be2 e6 7. Be3 c6 8.
Qd2 Qc7 9. Ne5 Bxe2 10. Qxe2 Bd6 11. Nf3 Nbd7 12. h3 Nb6 13. Qd3 Nbd5 14. Nxd5
Nxd5 15. Bd2 Nf4 16. Bxf4 Bxf4 17. g3 Bh6 18. Ne5 g6 19. f4 Bg7 20. O-O-O O-O-O
21. Kb1 f6 22. Nf3 e5 23. f5 Rhe8 24. Rhe1 g5 25. g4 Qb6 26. c3 Rd5 27. Nd2 a6
28. Nb3 Red8 29. Qe3 Qb5 30. Nc5 Bf8 31. Ne6 Re8 32. Qe4 Qc4 33. Re3 c5 34. b3
Qb5 35. c4 Rxd4 36. cxb5 Rxe4 37. Rxe4 Be7 38. bxa6 bxa6 39. Rc4 Kb7 40. Nxc5+
Bxc5 41. Rxc5 Re7 42. Rd6 Kb8 43. Rxf6 e4 44. Re6 1-0

[Event "14. Lichtenberger Sommer"]
[Site "14. Lichtenberger Sommer"]
[Date "2015.08.19"]
[Round "5.108"]
[White "Sia, Davin"]
[Black "Fock, Sana"]
[Result "1-0"]
[WhiteElo "1511"]
[BlackElo "1532"]
[PlyCount "129"]
[EventDate "2015.??.??"]
[WhiteTeam "Lasker Steglitz-Wilmersdorf"]
[BlackTeam "SK International Berlin"]

1. e4 d5 2. exd5 Qxd5 3. Nc3 Qd6 4. d4 Nf6 5. Nf3 Bg4 6. Be2 e6 7. O-O c6 8. h3
Bh5 9. Be3 Nbd7 10. a3 Qc7 11. Qd2 Bd6 12. Ne1 Bg6 13. Bd3 Bxd3 14. Qxd3 O-O
15. Bg5 h6 16. Bh4 Nh5 17. Ne4 Rad8 18. Bxd8 Rxd8 19. Nxd6 Qxd6 20. c3 Ndf6 21.
Qf3 Nf4 22. Nd3 Ng6 23. Rfe1 Qd5 24. Qg3 Qd6 25. Ne5 Nh5 26. Qe3 Ne7 27. Qf3
Nf6 28. Ng4 Nxg4 29. Qxg4 Ng6 30. Re3 Qf4 31. Rg3 Qxg4 32. Rxg4 e5 33. Re1 Nf4
34. Rxe5 Ne6 35. f4 Kf8 36. f5 Ng5 37. h4 Nh7 38. Rge4 Nf6 39. Rf4 Nh5 40. Rf3
Nf6 41. Rf4 Nh5 42. Rfe4 Nf6 43. Re2 b6 44. Re7 Rd7 45. Rxd7 Nxd7 46. Kf2 Nf6
47. Kf3 Nd5 48. Re5 Ne7 49. Ke4 Ke8 50. g4 Kd7 51. g5 h5 52. f6 gxf6 53. gxf6
Ng8 54. Kf5 Nh6+ 55. Kg5 Ng8 56. c4 a6 57. b3 b5 58. a4 b4 59. Ra5 Kd6 60. Rxa6
Ke6 61. Rxc6+ Kd7 62. d5 Ne7 63. fxe7 Kxe7 64. Kxh5 f5 65. c5 1-0

[Event "14. Lichtenberger Sommer"]
[Site "14. Lichtenberger Sommer"]
[Date "2015.08.19"]
[Round "5.110"]
[White "Scholz, Felix"]
[Black "Baumgaertner, Andre"]
[Result "0-1"]
[WhiteElo "1100"]
[BlackElo "1783"]
[PlyCount "70"]
[EventDate "2015.??.??"]
[WhiteTeam "vereinslos"]
[BlackTeam "SC Friesen Lichtenberg"]

1. d4 d5 2. c4 e6 3. Nc3 Nf6 4. Nf3 Nbd7 5. Bg5 Be7 6. e3 O-O 7. Bd3 b6 8. O-O
Bb7 9. Ne5 Nxe5 10. dxe5 Ne4 11. Bxe7 Qxe7 12. Qc2 Nxc3 13. bxc3 g6 14. cxd5
exd5 15. f4 f6 16. Rae1 fxe5 17. fxe5 Qxe5 18. e4 dxe4 19. Bxe4 Rxf1+ 20. Kxf1
Rf8+ 21. Kg1 Kg7 22. Re2 Qc5+ 23. Rf2 Bxe4 24. Qd2 Qxf2+ 25. Qxf2 Rxf2 26. Kxf2
Bd5 27. a3 Kf6 28. g3 Ke5 29. Ke3 c5 30. Kd3 b5 31. Ke3 a5 32. h4 h5 33. Kd3
Kf5 34. Ke3 Kg4 35. Kf2 Kh3 0-1

[Event "14. Lichtenberger Sommer"]
[Site "14. Lichtenberger Sommer"]
[Date "2015.08.19"]
[Round "5.111"]
[White "Allaart, Janne"]
[Black "Bauer, Stefan"]
[Result "0-1"]
[WhiteElo "1454"]
[BlackElo "1633"]
[PlyCount "100"]
[EventDate "2015.??.??"]
[WhiteTeam "HMC Den Bosch"]
[BlackTeam "SC Kreuzberg"]

1. e4 c5 2. Nf3 e6 3. Nc3 a6 4. d4 cxd4 5. Nxd4 d6 6. Be3 Nf6 7. Bd3 Be7 8. O-O
Nbd7 9. h3 Ne5 10. Be2 Bd7 11. Re1 O-O 12. Qd2 Rc8 13. Rad1 Nc4 14. Bxc4 Rxc4
15. Qd3 Rc8 16. Bg5 Rc5 17. Be3 Rc8 18. Bg5 h6 19. Bh4 g5 20. Bg3 e5 21. Nf5
Bxf5 22. exf5 Qb6 23. Rb1 Rfd8 24. h4 g4 25. Kf1 Bf8 26. Rec1 Qb4 27. Nd5 Nxd5
28. Qxd5 Rc5 29. Qd1 h5 30. Kg1 f6 31. c3 Qe4 32. Qc2 Qxc2 33. Rxc2 Rdc8 34.
Rf1 d5 35. f3 Rc4 36. fxg4 Rxg4 37. Bf2 d4 38. g3 d3 39. Rd2 Rd8 40. Rfd1 e4
41. Kg2 Bh6 42. Bd4 Kf7 43. Rf2 Rdg8 44. Rff1 Rxg3+ 45. Kh2 Rg2+ 46. Kh1 R2g4
47. Bf2 d2 48. Kh2 Bf4+ 49. Kh1 e3 50. Bxe3 Rxh4# 0-1

[Event "14. Lichtenberger Sommer"]
[Site "14. Lichtenberger Sommer"]
[Date "2015.08.19"]
[Round "5.112"]
[White "Cravet, Alexandra"]
[Black "Fiedler, Ronald"]
[Result "0-1"]
[WhiteElo "750"]
[BlackElo "1692"]
[PlyCount "54"]
[EventDate "2015.??.??"]
[WhiteTeam "SC Friesen Lichtenberg"]
[BlackTeam "Läufer Reinickendorf"]

1. e4 c5 2. Nf3 d6 3. d4 cxd4 4. Nxd4 Nf6 5. Nc3 a6 6. Be3 e6 7. Qd2 Be7 8.
O-O-O O-O 9. f3 Nc6 10. Bd3 Bd7 11. Qf2 e5 12. Nde2 Be6 13. Qg3 Kh8 14. f4 Ng4
15. Bd2 Bh4 16. Qf3 Nf2 17. g3 Nxd3+ 18. cxd3 Nd4 19. Nxd4 exd4 20. Ne2 Bf6 21.
f5 Bxa2 22. b4 a5 23. Nf4 axb4 24. Qg4 Rc8+ 25. Kb2 Qa5 26. Nh5 Qa3+ 27. Ka1
Bb3+ 0-1

[Event "14. Lichtenberger Sommer"]
[Site "14. Lichtenberger Sommer"]
[Date "2015.08.19"]
[Round "5.113"]
[White "Semenishchev, Vladimir"]
[Black "Tschirschwitz, Stephan"]
[Result "0-1"]
[WhiteElo "750"]
[BlackElo "1551"]
[PlyCount "36"]
[EventDate "2015.??.??"]
[WhiteTeam "SC Friesen Lichtenberg"]
[BlackTeam "Lasker Steglitz-Wilmersdorf"]

1. e4 c5 2. Nf3 Nc6 3. d4 cxd4 4. Nxd4 a6 5. Nc3 e6 6. Be3 Bb4 7. Qd2 Nf6 8. a3
Bxc3 9. bxc3 Nxe4 10. Qd3 d5 11. c4 Qa5+ 12. Kd1 Ne5 13. Qe2 Nc3+ 14. Kc1 Nxe2+
15. Bxe2 Nxc4 16. Bd2 Qxd2+ 17. Kb1 Qxd4 18. Kc1 Qxa1# 0-1

[Event "14. Lichtenberger Sommer"]
[Site "14. Lichtenberger Sommer"]
[Date "2015.08.19"]
[Round "5.114"]
[White "Ziegel, Mandy Marie"]
[Black "Mueller, Jörg René"]
[Result "0-1"]
[WhiteElo "1582"]
[BlackElo "1489"]
[PlyCount "58"]
[EventDate "2015.??.??"]
[WhiteTeam "SC Zugzwang 95 (Berlin)"]
[BlackTeam "SC Zugzwang 95 (Berlin)"]

1. d4 c5 2. Nf3 d6 3. c4 Bg4 4. h3 Bxf3 5. gxf3 Nf6 6. d5 h6 7. Bg2 Qd7 8. Nc3
a6 9. O-O g6 10. Rb1 Bg7 11. Bf4 O-O 12. Qd2 Kh7 13. e4 Ng8 14. Bg3 Re8 15.
Rfe1 b5 16. b3 b4 17. Na4 Qc7 18. Re3 Nd7 19. f4 e6 20. dxe6 Rxe6 21. f5 gxf5
22. exf5 Rxe3 23. Bxd6 Qa7 24. Qxe3 Bd4 25. Qd3 Ngf6 26. Bxa8 Qxa8 27. Re1 Qg8+
28. Bg3 Ne5 29. Qd2 Qxg3+ 0-1

[Event "14. Lichtenberger Sommer"]
[Site "14. Lichtenberger Sommer"]
[Date "2015.08.19"]
[Round "5.115"]
[White "Franke, Philipp"]
[Black "Toth, Hans-Jürgen"]
[Result "1-0"]
[WhiteElo "1206"]
[BlackElo "1571"]
[PlyCount "87"]
[EventDate "2015.??.??"]
[WhiteTeam "SC Weisse Dame (Berlin)"]
[BlackTeam "SF Zehdenick"]

1. d4 f5 2. c4 Nf6 3. Nc3 d5 4. Bg5 e6 5. e3 c6 6. cxd5 cxd5 7. Nf3 Nbd7 8. Bd3
Be7 9. O-O O-O 10. Rc1 a5 11. Nb5 Bd6 12. Nxd6 Qe7 13. Nb5 b6 14. Rc7 Qd8 15.
Qd2 Ba6 16. Rfc1 Qe8 17. Bxf6 gxf6 18. Qc3 Qe7 19. Qc6 Rfd8 20. Qc3 Qf8 21. Na3
Bxd3 22. Qxd3 Qe8 23. Rb7 Rac8 24. Rcc7 Rxc7 25. Rxc7 Rc8 26. Qc3 Rb8 27. Qc6
Rd8 28. Nb5 Nf8 29. Qxb6 Rb8 30. Rb7 Rxb7 31. Qxb7 Qg6 32. h3 f4 33. Nc3 fxe3
34. fxe3 Qc2 35. Kh2 Qc1 36. e4 Qf4+ 37. Kh1 Qc1+ 38. Ng1 dxe4 39. Nxe4 Qf4 40.
a3 e5 41. Nd6 Qg5 42. Qf7+ Kh8 43. Qxf8+ Qg8 44. Nf7# 1-0

[Event "14. Lichtenberger Sommer"]
[Site "14. Lichtenberger Sommer"]
[Date "2015.08.19"]
[Round "5.116"]
[White "Hamm, Oliver"]
[Black "Sauer, Jakob"]
[Result "1/2-1/2"]
[WhiteElo "1413"]
[BlackElo "1404"]
[PlyCount "55"]
[EventDate "2015.??.??"]
[WhiteTeam "SC Eintracht Berlin e.V."]
[BlackTeam "Schachunion Berlin"]

1. d4 d5 2. Nf3 Nf6 3. e3 Bf5 4. Bd3 Bxd3 5. Qxd3 a6 6. b3 e6 7. Bb2 Bd6 8.
Nbd2 O-O 9. O-O Nbd7 10. Ne5 Qe7 11. f4 h6 12. Rae1 Nh7 13. Ndf3 Bxe5 14. fxe5
Ng5 15. Nd2 b5 16. e4 dxe4 17. Nxe4 Nxe4 18. Qxe4 c5 19. Rf3 cxd4 20. Qxd4 Qc5
21. Qxc5 Nxc5 22. Ba3 Rfc8 23. Rc3 Nd7 24. Rxc8+ Rxc8 25. Re2 a5 26. Bb2 b4 27.
a3 Rc5 28. a4 1/2-1/2

[Event "14. Lichtenberger Sommer"]
[Site "14. Lichtenberger Sommer"]
[Date "2015.08.19"]
[Round "5.117"]
[White "Janse, Circe"]
[Black "Vural, Argun"]
[Result "0-1"]
[WhiteElo "850"]
[BlackElo "1567"]
[PlyCount "70"]
[EventDate "2015.??.??"]
[WhiteTeam "SSV Klim-Op"]
[BlackTeam "SF Friedrichshagen"]

1. e4 Nc6 2. Nf3 f5 3. exf5 d5 4. d4 Bxf5 5. Bb5 Nf6 6. Ne5 Qd6 7. Bd2 Nd7 8.
Nxc6 bxc6 9. Be2 e5 10. Be3 Qb4+ 11. Nd2 Qxb2 12. Rb1 Qxa2 13. Rc1 Bd6 14. c4
O-O 15. O-O c5 16. cxd5 cxd4 17. Bc4 Qb2 18. Bg5 Nb6 19. Re1 h6 20. Bh4 Rae8
21. f3 Nxc4 22. Nxc4 Qb5 23. Nxd6 cxd6 24. Rc7 Rf7 25. Qc1 a5 26. Rxf7 Kxf7 27.
Qc7+ Kg8 28. Qxd6 a4 29. Rxe5 Qb1+ 30. Be1 Rxe5 31. Qxe5 d3 32. Qe3 a3 33. Kf2
a2 34. Bc3 Qc2+ 35. Kg3 Qxc3 0-1